000 01240aam a2200277 i 4500
001 768714001
003 CO-MdFUSB
005 20220817093256.0
007 ta
008 220817t1978 ag |||| |||| 00| 0 spa d
040 _bspa.
_aCO-MdFUSB
_cCO-MdFUSB
_dCO-MdFUSBC
_erda
041 _aspa
090 _aAV 0357
110 1 _aComité de Lausana para la Evangelización Mundial
245 1 3 _aEl evangelio y la cultura :
_bInforme de la Consulta de Willowbank
_c/ Comité Lausana para la Evangelización Mundial
264 0 _aBuenos Aires, Argentina :
_bComité Lausana Para la Evangelización Mundial,
_c[1978]
300 _a48 páginas
_c; 21 cm
336 _2rdacontent
_atexto
_btxt
337 _2rdamedia
_asin mediación
_bn
338 _2rdacarrier
_avolumen
_bnc
505 _aLa base bíblica de la cultura. -- Definición de cultura. -- La cultura en la revelación bíblica. -- La comprensión actual de la palabra de Dios. -- El contenido y la comunicación del evangelio. -- ¡Se buscan mensajeros humildes del evangelio! -- Conversión y cultura. -- Iglesia y cultura. -- cultura, ética cristiana y estilo de vida.
563 _aRústico
650 0 _9362
_aEvangelización
650 7 _2sears
_93
_aCultura
942 _cAV
999 _c43272
_d43272